| 000 | 00000nas 2200000za 4500 |
| 001 | 9.845599 |
| 003 | CaOODSP |
| 005 | 20221107153014 |
| 007 | cr ||||||||||| |
| 008 | 171017c2015201uonc x m o f0 a0eng|d |
| 040 | |aCaOODSP|beng |
| 043 | |an-cn--- |
| 086 | 1 |aM113-1E-PDF |
| 130 | 0 |aFederal floodplain mapping guidelines series. |
| 245 | 10|aFederal floodplain mapping guidelines series |h[electronic resource]. |
| 260 | |a[Ottawa] : |bNatural Resources Canada : |bPublic Safety Canada. |
| 310 | |aIrregular |
| 500 | |aIssued also in French under title: Série « Guides d'orientation fédéraux sur la cartographie des plaines inondables ». |
| 580 | |aContinued by: Federal flood mapping guidelines series. |
| 588 | |aDescription based on: General Information Product 115e (2017). |
| 692 | 07|2gccst|aFloods |
| 692 | 07|2gccst|aPlanning |
| 692 | 07|2gccst|aGeographic data |
| 710 | 1 |aCanada. |bNatural Resources Canada. |
| 710 | 1 |aCanada. |bPublic Safety Canada. |
| 775 | 08|tSérie « Guides d'orientation fédéraux sur la catographie des plaines inondables » |w(CaOODSP)9.845628 |
| 785 | 00|tFederal flood mapping guidelines series.|w(CaOODSP)9.871541 |